تراثنا الفكري في ميزان الشرع والعقل / (رقم التسجيلة. 3895)

تفاصيل مارك
000 -الفاتح
عناصر البيانات ثابتة الطول 00580cam a2200181 i 4500
005 - تاريخ ووقت آخر معاملة
حقل ضبط 20251113131653.0
008 - عناصر البيانات ثابتة الطول
عناصر البيانات ثابتة الطول 250721s2007 ua gr 000 0 ara d
020 ## - الترقيم الدولي المعياري للكتب (ردمك)
الترقيم الدولي المعياري للكتب (ردمك) 9770900400
082 14 - رقم تصنيف ديوي العشري
رقم التصنيف 210
رقم المادة م ح م
100 1# - مدخل رئيسي – اسم شخصي
الاسم الشخصي الغزالي، محمد.
علاقة الشخص بالعمل/ دوره مؤلف.
245 10 - بيان العنوان
العنوان تراثنا الفكري في ميزان الشرع والعقل /
بيان المسؤولية محمد الغزالي.
250 ## - بيان الطبعة
بيان الطبعة الطبعة السادسة.
264 31 - بيانات النشر، التوزيع…إلخ
مكان النشر، التوزيع...إلخ القاهرة :
اسم الناشر، الموزع...إلخ دار الشروق،
تاريخ النشر، التوزيع...إلخ 2007.
300 ## - الوصف المادي
عدد الوحدات المكونة للوعاء 202 صفحة.
650 17 - مدخل إضافي بالموضوع - مصطلح موضوعي
مصطلح موضوعي أو اسم جغرافي كعنصر مدخل الإسلام.
942 ## - بيانات إضافية (كوها)
نوع التنصيف Dewey Decimal Classification
نوع المادة (كوها) كتب
المقتنيات
حالة السحب حالة الفقدان مصدر التصنيف حالة التلف غير قابل للإعارة المكتبة الرئيسية المكتبة الحالية موقع الرف تاريخ التزويد الرقم المتسلسل Total Checkouts رقم الإستدعاء تاريخ آخر ظهور تاريخ الفاتورة نوع المادة (كوها) الباركود
    Dewey Decimal Classification     المكتبة المركزية المكتبة المركزية الإعارة 25/10/2010 1457329   210 / م ح م 28/07/2025 25/10/2010 كتب PLD00165045
    Dewey Decimal Classification Unchecked   مكتبة الجويدة مكتبة الجويدة الإعارة 06/07/2004 3118   210/محم 28/07/2025 06/07/2004 كتب  
Implemented & Customized by: BBB with SCIT (Smart Chains for Information Technology)

Powered by Koha